Sistema de planificación, control y seguimiento de culminación de estudios universitarios para I + D - UNI
Presenta el desarrollo de una aplicación informática que coadyuve con la documentación, administración y seguimiento de los procesos de culminación de estudios en la dirección de I + D de la facultad de Ciencias y Sistemas FCyS de la Universidad Nacional de Ingeniería.
| Main Authors: | , , |
|---|---|
| Other Authors: | |
| Format: | Tesis Section = Libro |
| Language: | Undetermined Spanish |
| Published: |
Managua
UNI
2011
|
| Subjects: |
| LEADER | 01180nam a2200265Ia 4500 | ||
|---|---|---|---|
| 008 | 240830s9999 xx 000 0 und d | ||
| 040 | |a BIBLIOTECA-RUPAP T.Mon 005.74 A976 | ||
| 041 | |a spa | ||
| 082 | |a T.Mon 005.74 A976 | ||
| 100 | 1 | |a Ayerdis Espinoza, José Luis | |
| 100 | 1 | |b Bolaños Andino, César Augusto | |
| 100 | 1 | |c Ordóñez Argueta, Sergio Nemesio | |
| 245 | 1 | 0 | |a Sistema de planificación, control y seguimiento de culminación de estudios universitarios para I + D - UNI |
| 260 | |a Managua |b UNI |c 2011 | ||
| 300 | |a 90 p. :il. | ||
| 500 | |a Contiene: anexos. | ||
| 502 | |a Tesis (Ingeniero de Sistemas)- UNI, 2011. | ||
| 520 | 3 | |a Presenta el desarrollo de una aplicación informática que coadyuve con la documentación, administración y seguimiento de los procesos de culminación de estudios en la dirección de I + D de la facultad de Ciencias y Sistemas FCyS de la Universidad Nacional de Ingeniería. | |
| 650 | 7 | |a BASES DE DATOS | |
| 650 | 7 | |b ADMINISTRACIÓN DE SISTEMAS DE INFORMACIÓN | |
| 650 | 7 | |c SOFTWARE - ANÁLISIS Y DISEÑO | |
| 700 | 1 | |a Tutor: |b Membreño Gudiel, Yasser Ronald | |
| 942 | |c BK |2 ddc | ||
| 991 | |a TESIS | ||
| 999 | |c 18003 | ||